000 00704nam1a22002291i 4500
001 rc\4176457
005 20240724160110.0
035 _a(NLR Aleph) 007999712
090 _a8631733
_c8631733
100 _a20130415d1952 |||y0rusy50 ca
101 0 _arus
102 _aRU
105 _ay z |||||
200 1 _aТиповой проект... пассажирского здания
_eСмета
210 _aМосква
_cБ. и.
_d1952
215 _d29
225 1 _aСССР. Министерство путей сообщения. Главтранспроект
300 _aСтеклогр.
801 0 _aRU
_bNLR
_gpsbo
801 1 _aRU
_bELAR
_2rusmarc
852 _aNLR
_jТ80 Г-8/2038
942 _cBOOK